Romans: (Record no. 5710)

000 -LEADER
fixed length control field 00560nam a2200181 a 4500
001 - CONTROL NUMBER
control field :::00003452$&:&@@
003 - CONTROL NUMBER IDENTIFIER
control field OkBaRHE
005 - DATE AND TIME OF LATEST TRANSACTION
control field 20000607103305.0
008 - FIXED-LENGTH DATA ELEMENTS--GENERAL INFORMATION
fixed length control field s1962 j 000 0 eng u
040 ## - CATALOGING SOURCE
Transcribing agency
100 1# - MAIN ENTRY--PERSONAL NAME
Personal name Walton, A. J.
245 10 - TITLE STATEMENT
Title Romans:
Remainder of title book of power.
260 ## - PUBLICATION, DISTRIBUTION, ETC. (IMPRINT)
Place of publication, distribution, etc Nashville, TN., :
Name of publisher, distributor, etc Methodist Evangelistic Materials
Date of publication, distribution, etc c1962
300 ## - PHYSICAL DESCRIPTION
Extent 79 p. ;
Dimensions 19 cm.
650 ## - SUBJECT ADDED ENTRY--TOPICAL TERM
Topical term or geographic name as entry element Bible New Testament Romans
General subdivision Study
942 ## - ADDED ENTRY ELEMENTS (KOHA)
Source of classification or shelving scheme
Koha item type Books
Copies
Source of classification or shelving scheme Damaged status Koha item type Shelving location Date acquired Price effective from Date last seen Barcode Full call number Withdrawn status Copy number Permanent Location Not for loan Lost status
  BooksGeneral Stacks2010-04-142010-04-142018-03-283452BS 2665 .W242 1RHEMA Bible Training College